| 000 | 01001nam a22002177a 4500 | ||
|---|---|---|---|
| 008 | 260630b2006 mx |||||r|||| 001 0 spa d | ||
| 020 | _a970-35-1092-2 | ||
| 040 | _bspa | ||
| 041 | _aSPA | ||
| 082 | 0 | 4 |
_a372.423 _bJ36 |
| 100 |
_aJANER MANILLA, GABRIEL _cPADILLA, IGNACIO |
||
| 245 |
_aEL RUMOR DE LOS CLÁSICOS. HISTORIAS QUE FUERON ESCRITAS PARA SER CONTADAS _bVIAJES MORROCOTUDOS: CLÁSICO SECRETO |
||
| 300 |
_a66 _c21 cm x 13.5 cm |
||
| 336 |
_2rdacontent _atexto _btxt |
||
| 337 |
_2rdamedia _asin mediación _bn |
||
| 338 |
_2rdacarrier _avolumen _bnc |
||
| 490 | 0 | _aVOL. 18 | |
| 505 | _a Janer Manila rescata la dimensión oral y corporal de los clásicos, mientras que Padilla invita a repensar qué entendemos por clásico y cómo ciertos textos olvidados pueden ser redescubiertos. Ofrecen una visión rica de la literatura como memoria viva, transmitida tanto por la voz como por la escritura. | ||
| 650 |
_aCIENCIAS SOCIALES _vEDUCACIÓN _xEDUCACIÓN PRIMARIA |
||
| 942 |
_2ddc _cGENERAL |
||
| 999 |
_c68712 _d68712 |
||